000 00415cam a2200169 4500
001 D13169
008 090401t1912 xxu||||| |||| 00| 0 eng d
035 _a(Sirsi) u8130
041 _aeng
100 _aKnowles, Joseph B
245 _aNotes on the law and incidents of tenures in England
260 _aLondon
_bEstates Gazette
_c1912
350 _a0
520 _aShelf 117
942 _n0
948 _c04/03/1997
999 _c86485
_d86485